000 00938nam a2200265 a 4500
001 000005066
003 DO-SdBNP
005 20171102124237.0
007 000005066
008 090729s1969 dr ac 001 0 spa d
040 _aBPMSU
_bspa
_cBPMSU
092 _a340.02
_bE795r
110 1 _aInstituto Dominicano de Ciencias Jurídicas
245 1 0 _aEstatutos y reglamentos :
_bdiscurso de inguración del Dr. Carlos Cornielle /.
246 1 3 _aEstatutos y reglamentos
260 _aSanto Domingo. :
_bHorizontes de América,
_c[1969].
300 _a62 p. :
_bil., retrs. ;
_c21 cm.
610 2 _aINSTITUTO DOMINICANO DE CIENCIAS JURÍDICAS
_xESTATUTOS, REGLAMENTOS, ETC.
930 1 _lBND01
_mLF1
_820090729
_f01
_pHD
_g1688
_he. 2
942 _2ddc
_cBK
945 _aInventariado, 2017/MFF
956 _aSARMENTERO
_b10
_c20090729
_lBND01
_h1252
956 _aVMATEO
_b10
_c20091016
_lBND01
_h0924
956 _aVMATEO
_b10
_c20150811
_lBPMSU
_h00151
999 _c8184
_d8184